DFB-Pokal - Erstrundenaus von Bundesligisten seit 2000 - Statistiken

Allgemein
  • Dieses Quiz wurde 131 mal gespielt
  • Das Durchschnittsergebnis liegt bei 60 aus 69
Antwortstatistiken
Saison Gegner Erstligist % Korrekt
2006/07 FK Pirmasens SV Werder Bremen
96%
1. FC Heidenheim SV Werder Bremen
96%
Preußen Münster SV Werder Bremen
96%
1. FC Saarbrücken SV Werder Bremen
96%
Sportfreunde Lotte SV Werder Bremen
96%
FC Viktoria Köln SV Werder Bremen
96%
SG Dynamo Dresden FC Schalke 04
95%
1. FC Magdeburg 1. FC Köln
94%
2005/06 Kickers Offenbach 1. FC Köln
94%
2022/23 SSV Jahn Regensburg 1. FC Köln
94%
2007/08 FC St. Pauli Bayer 04 Leverkusen
93%
SG Dynamo Dresden Bayer 04 Leverkusen
93%
SV Elversberg Bayer 04 Leverkusen
93%
VfL Wolfsburg II Borussia Dortmund
91%
Eintracht Braunschweig Borussia Dortmund
91%
2000/01 VfB Stuttgart II Eintracht Frankfurt
91%
FC Erzgebirge Aue Eintracht Frankfurt
91%
SSV Ulm 1846 Eintracht Frankfurt
91%
SV Waldhof Mannheim Eintracht Frankfurt
91%
1. FC Magdeburg FC Augsburg
91%
1. FC Magdeburg FC Augsburg
91%
SC Verl FC Augsburg
91%
SpVgg Unterhaching FC Augsburg
91%
VfL Bochum VfB Stuttgart
91%
2018/19 Hansa Rostock VfB Stuttgart
91%
SSV Ulm 1846 1. FC Nürnberg
90%
TSV Havelse 1. FC Nürnberg
90%
SV Sandhausen 1. FC Nürnberg
90%
1. FC Saarbrücken 1. FSV Mainz 05
90%
2009/10 VfB Lübeck 1. FSV Mainz 05
90%
2014/15 Chemnitzer FC 1. FSV Mainz 05
90%
2019/20 1. FC Kaiserslautern 1. FSV Mainz 05
90%
2002/03 Holstein Kiel Hertha BSC
90%
2020/21 Eintracht Braunschweig Hertha BSC
90%
Eintracht Braunschweig Hertha BSC
90%
2016/17 SG Dynamo Dresden RB Leipzig
90%
SV Darmstadt 98 FC St. Pauli
89%
Chemnitzer FC FC St. Pauli
89%
2011/12 SpVgg Unterhaching SC Freiburg
87%
Berliner AK 07 TSG 1899 Hoffenheim
87%
TSV 1860 München TSG 1899 Hoffenheim
87%
1. FC Köln II VfL Wolfsburg
87%
RB Leipzig VfL Wolfsburg
87%
Preußen Münster VfL Wolfsburg
87%
2003/04 SSV Jahn Regensburg VfL Bochum
86%
Arminia Bielefeld VfL Bochum
86%
2024/25 SSV Jahn Regensburg VfL Bochum
86%
SC Pfullendorf Arminia Bielefeld
85%
Rot-Weiss Essen Arminia Bielefeld
85%
Kickers Offenbach SpVgg Greuther Fürth
85%
2021/22 SV Babelsberg 03 SpVgg Greuther Fürth
85%
2023/24 FC 08 Homburg SV Darmstadt 98
85%
Eintracht Trier Hannover 96
84%
2010/11 SV Elversberg Hannover 96
84%
FC Bayern München II Borussia Mönchengladbach
83%
SV Darmstadt 98 Borussia Mönchengladbach
83%
Eintracht Branschweig 1. FC Kaiserslautern
82%
2013/14 Arminia Bielefeld Eintracht Braunschweig
79%
VfL Osnabrück Hansa Rostock
77%
RB Leipzig SC Paderborn 07
76%
2001/02 KFC Uerdingen 05 FC Energie Cottbus
70%
Rot-Weiss Essen FC Energie Cottbus
70%
Rot-Weiss Essen FC Energie Cottbus
70%
SpVgg Unterhaching FC Ingolstadt 04
68%
2004/05 SC Paderborn Hamburger SV
68%
Stuttgarter Kickers Hamburger SV
68%
2012/13 Karlsruher SC Hamburger SV
68%
2015/16 Carl Zeiss Jena Hamburger SV
68%
2017/18 VfL Osnabrück Hamburger SV
68%
Keine übereinstimmenden Quizze gefunden
Verteilung der Resultate
Anzahl Personen mit jedem Resultat
Perzentil nach korrekt beantworteten Fragen
Ihre Resultats-Entwicklung
Sie haben dieses Quiz noch nicht gespielt